Nghiên cứu các giống sen (Nelumbo nucifera) ở Đồng bằng sông Cửu Long Luận văn thạc sĩ sinh thái học. Chuyên ngành: Sinh thái học. Mã số: 60.42.60

保存先:
書誌詳細
第一著者: Lê, Diễm Kiều
その他の著者: Nguyễn,Minh Chơn
フォーマット: 学位論文 キット 図書
言語:Vietnamese
出版事項: Cần Thơ Đại học Cần Thơ 2008
主題:
タグ: タグ追加
タグなし, このレコードへの初めてのタグを付けませんか!
Thư viện lưu trữ: Trung tâm Học liệu Lê Vũ Hùng, Trường Đại học Đồng Tháp
LEADER 01193ppm a22003018a 4500
001 00029938
005 20171026081022.0
008 121130s2008 ||||||viesd
041 0 # |a vie 
082 1 4 |b NGH305C  |a 633 
100 1 # |a Lê, Diễm Kiều 
245 0 0 |c Lê Diễm Kiều; Nguyễn Minh Chơn (hướng dẫn)  |a Nghiên cứu các giống sen (Nelumbo nucifera) ở Đồng bằng sông Cửu Long  |b Luận văn thạc sĩ sinh thái học. Chuyên ngành: Sinh thái học. Mã số: 60.42.60 
260 # # |a Cần Thơ  |b Đại học Cần Thơ  |c 2008 
300 # # |a xv, 79 tr.  |c 30 cm. 
500 # # |a ĐTTTS ghi: Bộ giáo dục và đào tạo. Trường Đại học Cần Thơ. 
653 # # |a Giống sen 
653 # # |a Luận văn 
653 # # |a Tỉnh Đồng Tháp 
653 # # |a Sinh thái học 
653 # # |a Nghiên cứu 
700 1 # |a Nguyễn,Minh Chơn  |e Hướng dẫn 
852 # # |j LV.0000130 
852 # # |b Kho đọc SĐH  |j LV.0000130 
910 |d 30/11/2012 
980 # # |a Trung tâm Học liệu Lê Vũ Hùng, Trường Đại học Đồng Tháp